Toplumsallaşma ve kitlesel iletişim (Record no. 671)

MARC details
000 -BAŞLIK
Sabit Uzunlukta Kontrol Alanı 00803na a2200253 4500
001 - KONTROL NUMARASI
Denetim Alanı 13210
003 - KONTROL NUMARASI IDENTIFIER
Denetim Alanı MIRAKIL
005 - SON İŞLEM TARİHİ VE ZAMANI
Denetim Alanı 20181213154757.0
008 - SABİT-BOY VERİ ELEMANLARI - GENEL BİLGİLER
Sabit Uzunlukta Kontrol Alanı 160828b tu 000 0
035 ## - SİSTEM KONTROL NUMARASI
Sistem Kontrol Numarası 13210
040 ## - KATALOGLAMA KAYNAK
Orijinal Kataloglama Ajansı Milas
Kataloglama Dili tur
Metne Dönüştürmek Ajansı TR-AnCHP
082 ## - DEWEY ONLU SINIFLANDIRMA NUMARASI
Sınıflandırma Numarası 302.2
Ürün Numarası A94t 1982
090 ## - SINIFLAMA NUMARASI
Sınıflama Numarası 302.2 A94t 1982
100 ## - ANA GİRİŞ - KİŞİSEL İSİM
Kişisel Ad Aziz, Aysel
245 ## - BAŞLIK TABLOSU
Başlık Toplumsallaşma ve kitlesel iletişim
Sorumluluk Tablosu, Vb Aysel Aziz
260 ## - YAYIN, DAĞITIM, VB
Yayın, Dağıtım, Vb Yeri Ankara
Yayıncı, Dağıtıcı, Vs Adı Ankara Üniversitesi Siyasal Bilgiler Fakültesi
Yayın, Dağıtım, Vb Tarihi 1982
300 ## - FİZİKSEL TANIM
Kapsam XIX, 236 s.
Boyutlar 23 sm.
490 ## - SERİSİ TABLOSU
Seri Beyanı Ankara Üniversitesi Basın-Yayın Yüksek Okulu Yayınları
Hacim / Ardışık Tanımı 2
504 ## - KAYNAKÇA VB NOT
Kaynakça Vb Notu Kaynakça ve dizin var.
650 ## - KONU KATMA GİRİŞ - TOPİKAL DÖNEM
Topikal Süreli Veya Coğrafi Ad Giriş Elemanı Toplumsallaşma
Genel Alt Bölümü Kitle iletişim
Kronolojik Alt Bölümü Psikolojik yönler
650 ## - KONU KATMA GİRİŞ - TOPİKAL DÖNEM
Topikal Süreli Veya Coğrafi Ad Giriş Elemanı Kişilerarası ilişkiler
Genel Alt Bölümü Sosyoloji
650 ## - KONU KATMA GİRİŞ - TOPİKAL DÖNEM
Topikal Süreli Veya Coğrafi Ad Giriş Elemanı Kitle iletişim
942 ## - EKLENDİ GİRİŞ ELEMANLARI (KOHA)
Sınıflandırma Veya Raf Düzeni Kaynak Dewey Decimal Classification
Koha Öğesi Türü Books
999 ## - SİSTEM KONTROL NUMARALARI (KOHA)
Koha Biblionumber 671
Koha Biblioitemnumber 671
Holdings
Kalıcı Konum Mevcut Konum Edinme Tarihi Edinim Kaynak Toplam Check-Out'Lar Tam Çağrı Numarası Barkod Tarih Son Görülme İtibaren Geçerli Fiyatlar Koha Öğesi Türü
CHP Kütüphanesi CHP Kütüphanesi 08/10/2016 Bağış   302.2 A94t 1982 000907 08/10/2016 08/10/2016 Books